Home Print Resources E-Books E-Journals IIMT Lecture Series Library Membership Form Book Recommendation Form Campus Tour Take AdmissionAbout Us Contact Us

investment analysis protfolio (Record no. 22435)

000 -LEADER
fixed length control field 00390nam a2200169Ia 4500
003 - CONTROL NUMBER IDENTIFIER
control field OSt
005 - DATE AND TIME OF LATEST TRANSACTION
control field 20240606151657.0
008 - FIXED-LENGTH DATA ELEMENTS--GENERAL INFORMATION
fixed length control field 170619s9999 xx 000 0 und d
020 ## - INTERNATIONAL STANDARD BOOK NUMBER
International Standard Book Number 978-9351611868
040 ## - CATALOGING SOURCE
Transcribing agency IIMT ENGINEERING COLLEGE
100 ## - MAIN ENTRY--PERSONAL NAME
Personal name chandra p c
245 #0 - TITLE STATEMENT
Title investment analysis protfolio
260 ## - PUBLICATION, DISTRIBUTION, ETC.
Name of publisher, distributor, etc. t m h
260 ## - PUBLICATION, DISTRIBUTION, ETC.
Date of publication, distribution, etc. 2009
546 ## - LANGUAGE NOTE
Language note ENGLISH
942 ## - ADDED ENTRY ELEMENTS (KOHA)
Source of classification or shelving scheme
Koha item type Book Bank
Holdings
Withdrawn status Lost status Source of classification or shelving scheme Damaged status Not for loan Home library Current library Date acquired Source of acquisition Cost, normal purchase price Total Checkouts Barcode Date last seen Price effective from Koha item type Date last checked out
          IIMT Engineering College-MBA IIMT Engineering College-MBA 06/21/2017 2 450.00   13-B-5255 06/23/2017 06/23/2017 Text-Book- for 7 days  
          IIMT Engineering College-MBA IIMT Engineering College-MBA 06/21/2017 2 450.00   13-B-5256 06/23/2017 06/23/2017 Book Bank  
          IIMT Engineering College-MBA IIMT Engineering College-MBA 06/21/2017 2 450.00 1 13-B-5257 02/07/2022 06/23/2017 Book Bank 12/03/2021
          IIMT Engineering College-MBA IIMT Engineering College-MBA 06/21/2017 2 450.00   13-B-5258 06/23/2017 06/23/2017 Book Bank  
          IIMT Engineering College-MBA IIMT Engineering College-MBA 06/21/2017 2 450.00   13-B-5259 06/23/2017 06/23/2017 Text-Book- for 7 days  
IIMT, Central Library. All Rights Reserved IIMT,UNIVERSITY © 2023
Implemented and Customised by I CLOUDE EMS
You Are OPAC Visitor No
free web counter

Powered by Koha